Investície do infraštruktúry
Investičná banka Macquarie ako priekopník investícií do infraštruktúry. Spravuje niekoľko veľkých fondov zameraných do oblasti infraštruktúry. Charakteristika Macquarie infrastructure group (MIG). Aktíva MIG. Individuálne stanovenie výnosu z podkladových aktív.
Gespeichert in:
| 1. Verfasser: | |
|---|---|
| Format: | Buchkapitel |
| Sprache: | Slowakisch |
| Schlagworte: | |
| Tags: |
Keine Tags, Fügen Sie das erste Tag hinzu!
|
MARC
| LEADER | 00000naa$a2200000$$$4500 | ||
|---|---|---|---|
| 001 | 0057171 | ||
| 005 | 20231019084812.0 | ||
| 041 | 0 | |a slo | |
| 044 | |a SK | ||
| 245 | 1 | 0 | |a Investície do infraštruktúry |c Vladimír Baláž |
| 520 | |a Investičná banka Macquarie ako priekopník investícií do infraštruktúry. Spravuje niekoľko veľkých fondov zameraných do oblasti infraštruktúry. Charakteristika Macquarie infrastructure group (MIG). Aktíva MIG. Individuálne stanovenie výnosu z podkladových aktív. | ||
| 610 | 2 | 0 | |a investície |
| 610 | 2 | 0 | |a infraštruktúra |
| 610 | 2 | 0 | |a bankovníctvo investičné |
| 610 | 2 | 0 | |a nástroje investičné |
| 610 | 2 | 0 | |a výnosy |
| 610 | 2 | 0 | |a aktíva |
| 100 | 1 | |a Baláž, Vladimír | |